| 000 | 00585nam a2200193 a 4500 | ||
|---|---|---|---|
| 001 | 000910576 | ||
| 003 | AM-YEHGA | ||
| 005 | 20250617163818.0 | ||
| 008 | 120829s1961 ru r 000 0 rus d | ||
| 040 | _aAM-YeHGA | ||
| 041 | 0 | _arus | |
| 100 | 1 | _aТавлинова, Галина Константиновна | |
| 245 | 1 | 0 |
_aДвулетники / _cГ.К. Тавлинова. |
| 260 |
_aЛ. : _bБ. и., _c1961. |
||
| 300 |
_a33 с. : _bрис. ; _c20 см. |
||
| 650 | 1 | 4 | _aЦветоводство |
| 650 | 1 | 4 | _aДекоративное садоводство |
| 090 | _c516592 | ||
| 999 |
_c513077 _d513077 |
||